<?xml version="1.0" encoding="UTF-8"?>
<record
    xmlns:xsi="http://www.w3.org/2001/XMLSchema-instance"
    xsi:schemaLocation="http://www.loc.gov/MARC21/slim http://www.loc.gov/standards/marcxml/schema/MARC21slim.xsd"
    xmlns="http://www.loc.gov/MARC21/slim">

  <leader>01017cam a2200349 a 4500</leader>
  <controlfield tag="001"> 67942 </controlfield>
  <controlfield tag="003">DO-SdBNP</controlfield>
  <controlfield tag="005">20240812105531.0</controlfield>
  <controlfield tag="007"> 67942 </controlfield>
  <controlfield tag="008">110131s2010  mx b     b    000 0 spa  </controlfield>
  <datafield tag="010" ind1=" " ind2=" ">
    <subfield code="a"> </subfield>
  </datafield>
  <datafield tag="020" ind1=" " ind2=" ">
    <subfield code="a">9786071107749</subfield>
  </datafield>
  <datafield tag="035" ind1=" " ind2=" ">
    <subfield code="a"> </subfield>
  </datafield>
  <datafield tag="040" ind1=" " ind2=" ">
    <subfield code="a">BPMSU</subfield>
    <subfield code="c">spa</subfield>
    <subfield code="d">BPMSU</subfield>
  </datafield>
  <datafield tag="042" ind1=" " ind2=" ">
    <subfield code="a"> </subfield>
  </datafield>
  <datafield tag="043" ind1=" " ind2=" ">
    <subfield code="a"> </subfield>
  </datafield>
  <datafield tag="082" ind1=" " ind2=" ">
    <subfield code="a">467.0098</subfield>
    <subfield code="b">L864a 2010</subfield>
    <subfield code="2">22</subfield>
  </datafield>
  <datafield tag="100" ind1="1" ind2=" ">
    <subfield code="a">L&#xF3;pez Morales, Humberto.</subfield>
    <subfield code="d">1936-</subfield>
  </datafield>
  <datafield tag="245" ind1="1" ind2="3">
    <subfield code="a">La andadura del espa&#xF1;ol por el mundo /</subfield>
    <subfield code="c">Humberto L&#xF3;pez Morales.</subfield>
  </datafield>
  <datafield tag="260" ind1=" " ind2=" ">
    <subfield code="a">M&#xE9;xico :</subfield>
    <subfield code="b">Taurus,</subfield>
    <subfield code="c">2010.</subfield>
  </datafield>
  <datafield tag="300" ind1=" " ind2=" ">
    <subfield code="a">464 p. ;</subfield>
    <subfield code="c">24 cm.</subfield>
    <subfield code="b"> </subfield>
  </datafield>
  <datafield tag="504" ind1=" " ind2=" ">
    <subfield code="a"> </subfield>
  </datafield>
  <datafield tag="586" ind1=" " ind2=" ">
    <subfield code="a">Premio de Ensayo Isabel Polanco </subfield>
  </datafield>
  <datafield tag="590" ind1=" " ind2=" ">
    <subfield code="a">Inventariado, 2024/BM</subfield>
  </datafield>
  <datafield tag="650" ind1=" " ind2="4">
    <subfield code="a"> Espa&#xF1;ol </subfield>
    <subfield code="x">Historia </subfield>
  </datafield>
  <datafield tag="650" ind1=" " ind2="4">
    <subfield code="a">Espa&#xF1;ol </subfield>
    <subfield code="x">Dialectos </subfield>
    <subfield code="z"> </subfield>
  </datafield>
  <datafield tag="650" ind1=" " ind2="4">
    <subfield code="a">Espa&#xF1;ol en Am&#xE9;rica </subfield>
    <subfield code="x"> Historia </subfield>
  </datafield>
  <datafield tag="856" ind1="4" ind2="2">
    <subfield code="3"> </subfield>
    <subfield code="u"> </subfield>
  </datafield>
  <datafield tag="856" ind1="4" ind2="2">
    <subfield code="3">Publisher description</subfield>
    <subfield code="u">http://www.loc.gov/catdir/enhancements/fy1113/2011376676-d.html</subfield>
  </datafield>
  <datafield tag="910" ind1=" " ind2=" ">
    <subfield code="a">VMateo V. Control de calidad. BPMSU </subfield>
  </datafield>
  <datafield tag="942" ind1=" " ind2=" ">
    <subfield code="2">ddc</subfield>
    <subfield code="c">BK</subfield>
  </datafield>
  <datafield tag="952" ind1=" " ind2=" ">
    <subfield code="0">0</subfield>
    <subfield code="1">0</subfield>
    <subfield code="2">ddc</subfield>
    <subfield code="4">0</subfield>
    <subfield code="7">0</subfield>
    <subfield code="8">CG</subfield>
    <subfield code="a">BPMET</subfield>
    <subfield code="b">BPMET</subfield>
    <subfield code="d">2017-12-14</subfield>
    <subfield code="e">Santillana Ediciones Generales </subfield>
    <subfield code="l">0</subfield>
    <subfield code="o">BPMSU CG 467.0098 L864a 2010</subfield>
    <subfield code="p">BPMSU17120033</subfield>
    <subfield code="r">2017-12-14</subfield>
    <subfield code="w">2017-12-14</subfield>
    <subfield code="y">BK</subfield>
  </datafield>
  <datafield tag="952" ind1=" " ind2=" ">
    <subfield code="0">0</subfield>
    <subfield code="1">0</subfield>
    <subfield code="2">ddc</subfield>
    <subfield code="4">0</subfield>
    <subfield code="7">0</subfield>
    <subfield code="8">CG</subfield>
    <subfield code="a">BPMET</subfield>
    <subfield code="b">BPMET</subfield>
    <subfield code="d">2017-12-14</subfield>
    <subfield code="e"> Alfaguara </subfield>
    <subfield code="l">0</subfield>
    <subfield code="o">BPMSU CG 467.0098 L864a 2010</subfield>
    <subfield code="p">BPMSU17120034</subfield>
    <subfield code="r">2017-12-14</subfield>
    <subfield code="t">e.2</subfield>
    <subfield code="w">2017-12-14</subfield>
    <subfield code="y">BK</subfield>
  </datafield>
  <datafield tag="999" ind1=" " ind2=" ">
    <subfield code="c">11239</subfield>
    <subfield code="d">11239</subfield>
  </datafield>
</record>
